000 00581nmm a2200169Ia 4500
008 251105s9999||||xx |||||||||||||||||und||
020 _a9789587382884
041 _aspa
100 _aQuinter, Gustavo A. (ed.)
245 0 _aEducación médica: Diseño e implementación de un currículo basado en resultados del aprendizaje
264 _a[Bogotá, Colombia] :
_bUniversidad del Rosario,
_c2012
300 _a347 páginas
490 _aTextos de medicina y de ciencias humanas
650 _aEducation
856 _uhttps://public.digitaliapublishing.com/a/60930
942 _cCF
999 _c95734
_d95734